000
00292nam a22001337a 4500
003
SGT
082
_a
603
_b
D59D
100
_a
DORLAND
245
_a
DORLAND'S POCKET MEDICAL DICTIONARY
250
_a
10TH
260
_a
CALCUTTA
_b
OXFORD PUB
_c
1959
650
_a
DICTIONARY
942
_2
ddc
_c
RARE
999
_c
29182
_d
29182